Statistiken für Top 15 Länder mit Covid-19-Todesfällen - 13. April 2021

Klicken Sie hier um das Quiz zu spielen!

Allgemein

  • Dieses Quiz wurde 12 mal gespielt
  • Das Durchschnittsergebnis liegt bei 19 aus 24

Antwortstatistiken

Land% Korrekt
Brasilien
100%
Indien
100%
Italien
100%
Russland
100%
Spanien
100%
Vereinigte Staaten
100%
Deutschland
92%
Mexiko
92%
Vereinigtes Königreich
92%
Argentinien
83%
Frankreich
83%
Polen
83%
Tschechien
83%
Kolumbien
75%
Peru
75%
Portugal
75%
Slowenien
75%
Belgien
67%
Iran
67%
Ungarn
67%
Slowakei
58%
Nordmazedonien
42%
Bosnien und
Herzegowina
33%
Bulgarien
25%

Verteilung der Resultate

Perzentil nach korrekt beantworteten Fragen

Anzahl Personen mit jedem Resultat

Ihre Resultats-Entwicklung

Sie haben dieses Quiz noch nicht gespielt